Loading...
| History - American | 0 | 4 | 0 | 1 | 40 | 89 | 108.00 | 0 | 1 | 5.34 | 17.49 |
| History - European | 0 | 4 | 0 | 0 | 40 | 81 | 93.50 | 0 | 3 | 10.30 | 23.83 |
| History - Other | 0 | 4 | 0 | 2 | 40 | 91 | 99.00 | 0 | 1 | 7.40 | 18.00 |
| Fine Arts - Other | 0 | 3 | 0 | 0 | 30 | 90 | 119.67 | 0 | 1 | 5.17 | 16.25 |
| History - World | 0 | 3 | 1 | 1 | 25 | 64 | 94.67 | 0 | 0 | 7.07 | 9.00 |
| Geography/Current Events | 0 | 2 | 0 | 1 | 20 | 84 | 91.00 | 0 | 1 | 10.07 | 16.73 |
| Philosophy | 0 | 2 | 0 | 1 | 20 | 118 | 119.00 | 0 | 0 | 0.33 | 5.56 |
| Social Science | 0 | 1 | 0 | 0 | 10 | 75 | 75.00 | 0 | 0 | 4.32 | 7.27 |
| Literature - British | 0 | 1 | 0 | 0 | 10 | 117 | 117.00 | 0 | 0 | 1.52 | 5.56 |
| Literature - World/Other | 0 | 1 | 0 | 0 | 10 | 56 | 56.00 | 1 | 1 | 6.27 | 10.00 |
| Pop Culture | 0 | 1 | 0 | 0 | 10 | 63 | 63.00 | 0 | 1 | 18.54 | 30.00 |
| Fine Arts - Classical Music | 0 | 1 | 0 | 1 | 10 | 105 | 105.00 | 0 | 0 | 0.54 | 1.11 |
| Religion | 0 | 0 | 1 | 0 | -5 | 0.00 | 0 | 0 | 0.00 | 0.00 |